Lógica y extracto razonado del tratado de las sensaciones

Αποθηκεύτηκε σε:
Λεπτομέρειες βιβλιογραφικής εγγραφής
Κύριος συγγραφέας: Condillac, Etienne Bonnot de (Συγγραφέας)
Μορφή: Βιβλίο
Γλώσσα:Ισπανικά
Έκδοση: Buenos Aires Aguilar 1975
Έκδοση:4a. ed
Σειρά:Iniciación Filosófica, 46
Θέματα:
Ετικέτες: Προσθήκη ετικέτας
Δεν υπάρχουν, Καταχωρήστε ετικέτα πρώτοι!

MARC

LEADER 00000nam a2200000 a 4500
001 UCZ2623
003 CL-VaPUC
008 951005e19750000AG |||||||||||||||||spa|d
082 0 4 |a 160  |b CON  |2 21 
100 0 |a Condillac, Etienne Bonnot de  |e author  |9 346403 
245 1 0 |a Lógica y extracto razonado del tratado de las sensaciones 
250 |a 4a. ed 
300 |a 207 p 
942 |c BK 
945 |d 19951005 00:00:00  |a cmena 
260 |a Buenos Aires  |b Aguilar  |c 1975 
650 0 |a Lógica  |9 256849 
650 0 |a Filosofía francesa   |9 255698 
650 0 |a Naturaleza humana   |9 308593 
650 7 |a HOMBRE  |2 CL-VaPUC  |9 262149 
650 0 |a Razón   |9 314475 
583 |a last modification  |c 19951005 00:00:00  |k Rodrigo Vera 
490 0 |a Iniciación Filosófica, 46 
999 |c 239190  |d 239188 
952 |0 0  |1 0  |4 0  |6 160_000000000000000_CON_1975  |7 0  |8 A  |9 250090  |a BIBEDU  |b BIBEDU  |d 2019-11-18  |i 1568884  |o 160 CON 1975  |p 1568884  |r 2019-11-18  |w 2019-11-18  |y BK  |k FIL